Historia de Roma
Kaydedildi:
| Yazar: | |
|---|---|
| Materyal Türü: | Kitap |
| Dil: | İspanyolca |
| Baskı/Yayın Bilgisi: |
Salamanca, España:
Universidad de Salamanca,
1995
|
| Edisyon: | 1a. Edición |
| Seri Bilgileri: | Manuales Universitarios, 57
|
| Konular: | |
| Etiketler: |
Etiketle
Etiket eklenmemiş, İlk siz ekleyin!
|
MARC
| LEADER | 00000nam a2200000 a 4500 | ||
|---|---|---|---|
| 001 | UCI3154 | ||
| 003 | CL-VaPUC | ||
| 005 | 20250416153057.0 | ||
| 008 | 071012e19950000SP |||||||||||||||||spa|d | ||
| 999 | |c 327527 |d 327525 | ||
| 020 | |a 8474818230 | ||
| 040 | |c Pontificia Universidad Católica de Valparaíso | ||
| 082 | 0 | 4 | |a 937 ROL 1995 |2 21 |
| 100 | 0 | |a Roldán Hervás, José Manuel |e autor |9 524563 | |
| 245 | 1 | 0 | |a Historia de Roma |
| 250 | |a 1a. Edición | ||
| 260 | |a Salamanca, España: |b Universidad de Salamanca, |c 1995 | ||
| 300 | |a 509 páginas | ||
| 490 | 0 | |a Manuales Universitarios, 57 | |
| 583 | |a last modification |c 20071012 00:00:00 |k Rodrigo Vera | ||
| 650 | 0 | |a Historia de Roma |9 322973 | |
| 650 | 0 | |a Civilización romana |9 438909 | |
| 650 | 0 | |a República romana |9 433651 | |
| 650 | 0 | |a Imperio romano |9 322785 | |
| 650 | 0 | |a Emperadores romanos |9 314054 | |
| 650 | 0 | |a Caída del imperio romano |9 603341 | |
| 942 | |c BK |2 ddc | ||
| 945 | |d 20071012 00:00:00 |a jtorresc | ||
| 952 | |0 0 |1 0 |2 ddc |4 0 |6 937_000000000000000_ROL_1995 |7 0 |8 A |9 410448 |a BIBHIS |b BIBHIS |d 2019-11-22 |i 4377362 |o 937 ROL 1995 |p 4377362 |r 2025-01-20 |t 5 |w 2019-11-22 |y BK |k HIS | ||
| 952 | |0 0 |1 0 |2 ddc |4 0 |6 937_000000000000000_ROL_1995 |7 0 |8 A |9 410449 |a BIBDER |b BIBDER |d 2019-11-22 |i 4649516 |o 937 ROL 1995 |p 4649516 |r 2023-01-25 |t 1 |w 2019-11-22 |y BK |k DER | ||
| 952 | |0 0 |1 0 |2 ddc |4 0 |6 937_000000000000000_ROL_1995 |7 0 |8 A |9 410450 |a BIBDER |b BIBDER |d 2019-11-22 |i 4649524 |o 937 ROL 1995 |p 4649524 |r 2023-01-25 |t 2 |w 2019-11-22 |y BK |k DER | ||
| 952 | |0 0 |1 0 |2 ddc |4 0 |6 937_000000000000000_ROL_1995 |7 0 |8 A |9 410451 |a BIBDER |b BIBDER |d 2019-11-22 |i 4649532 |l 1 |m 4 |o 937 ROL 1995 |p 4649532 |r 2023-04-17 |s 2023-03-14 |t 3 |w 2019-11-22 |y BK |k DER | ||
| 952 | |0 0 |1 0 |2 ddc |4 0 |6 937_000000000000000_ROL_1995 |7 0 |8 A |9 410452 |a BIBDER |b BIBDER |d 2019-11-22 |i 4649540 |l 2 |o 937 ROL 1995 |p 4649540 |r 2023-09-29 |s 2023-09-29 |t 4 |w 2019-11-22 |y BK |k DER | ||